| 000 | 005030000a22001930004500 | ||
|---|---|---|---|
| 001 | 2027 | ||
| 003 | CO-MdFUSB | ||
| 005 | 20170607103610.0 | ||
| 008 | 170607b xxu||||| |||| 00| 0 eng d | ||
| 020 | _a978-958-04-9400-2 | ||
| 040 | _cCO-MdBIC | ||
| 082 | 0 | 4 | _a863C B862sl |
| 100 | 1 | _aRogers, Tracey | |
| 245 | 1 | 0 | _aLa selva loca Tracey & Andrew Rogers ; traduccion de Cristina Aprecio |
| 260 | _aBogotá : Grupo Editorial Norma | ||
| 300 | _a32 P. | ||
| 650 | 1 | 4 | _aCuento infantil |
| 942 | _cLGB | ||
| 999 |
_c49177 _d49177 |
||